000 00635nam a22001937a 4500
005 20240810113136.0
008 221209b ||||| |||| 00| 0 eng d
040 _cAL
041 _aHindi
082 _223
_aH891.4
_bRAJB
100 _aRajmohan Gandhi
_9176359
100 _965285
_dराजमोहन गाँधी
245 _aBharath Me Masihi Dharm:kal aur azz
_bभारत में मसीही धर्म: कल और आज
260 _aVaranasi
_bSatya Mantan Samsta
_c2000
300 _a59 p.
_bPB
_c17x11 cm.
650 _aMasihi Dharm
_965286
700 _aRAJMOHAN (Gandhi)
_965287
942 _2ddc
_cGF
999 _c225541
_d225541